| 000 | 01249cam a22002054a 4500 | ||
|---|---|---|---|
| 005 | 20250605164203.0 | ||
| 008 | 250528s ||||||||||||||||||||||||d | ||
| 035 | _a19787 | ||
| 020 | _a582328411 | ||
| 040 |
_aGR-AtMCL _bgre _dGR-AtMCL _eAACR2 |
||
| 245 | 1 | _aMarket Leader International Management / Business English | |
| 250 | _a1st | ||
| 260 |
_bFinancial Times - Pitman Publishing, _c2000 |
||
| 300 | _a96 | ||
| 520 | _aAn extensive new Business English course which brings the real world of International Business into the classroom. Business Strategy, Company Structure, The Global Company, Global Production, Entering a Foreign Market, International Mergers, Business in the 21st Century, Cultural Issues, Corporate Cultures, Global Careers, Management Attitudes in Germany and Britain, Selection and Training and Development, The Value of MBAs, Recruiting Internationally, Selecting International Managers, Training Across Cultures, International Management Development, The International Manager, Thinking Global and Acting Local, Routes to Top Management, Overseas Postings, Returning Home, Glossary, Key, Check Tests, Check Tests Key. | ||
| 700 | 1 |
_aPilbeam Adrian _95205 |
|
| 942 | _cBK | ||
| 999 |
_c5039 _d5039 |
||